000 00505nam a2200169Ia 4500
008 240729s9999 xx 000 0 und d
022 _a2288-6729
245 0 _aInternational Journal of Child Care and Education Policy
260 _aKorea, Republic of
260 _bSpringerOpen
650 _a Education (General) | Education
650 _a Special aspects of education
650 _aEducation
856 _uhttps://doaj.org/toc/88de0151982c4ffa902f704de88ea6be
942 _2ddc
942 _cDOAJEJ
999 _c71715
_d71715
945 _a1
_bMadushi Gamage
_c1
_dMadushi Gamage